00299nam a2200133Ia 45000030006000000080041000060400015000471000016000622450030000782500010001082600018001185460012001360050017001480STCL150530s9999 xx 000 0 und d aSTCLcSTCL aMehta, V.K. aPrinciples of electronics aFirst bS.Chandc2000 aEnglish20220125170214.0